MARC details
| 000 -LEADER |
| fixed length control field |
01141nam a2200277Ia 4500 |
| 003 - CONTROL NUMBER IDENTIFIER |
| control field |
IN-BaIIA |
| 008 - FIXED-LENGTH DATA ELEMENTS--GENERAL INFORMATION |
| fixed length control field |
211028s9999 xx 000 0 eng d |
| 020 ## - INTERNATIONAL STANDARD BOOK NUMBER |
| International Standard Book Number |
90-277-1273-5 |
| 040 ## - CATALOGING SOURCE |
| Transcribing agency |
IIA Library |
| 080 ## - UNIVERSAL DECIMAL CLASSIFICATION NUMBER |
| Universal Decimal Classification number |
082.2:52 |
| Item number |
IAU-93 |
| 111 ## - MAIN ENTRY--MEETING NAME |
| Meeting name or jurisdiction name as entry element |
International Astronomical Union Symposium |
| Number of part/section/meeting |
93rd |
| Location of meeting |
Japan |
| Date of meeting or treaty signing |
1980 July 22-25 |
| 9 (RLIN) |
12961 |
| 245 #0 - TITLE STATEMENT |
| Title |
Fundamental problems in the theory of stellar evolution |
| Remainder of title |
proceedings of the International Astronomical Union Symposium No.93 held at Kyoto University, Kyoto, Japan, July 22-25, 1980 |
| Statement of responsibility, etc. |
edited by Daiichiro Sugimoto, Donald Q. Lamb and David N. Schramm |
| 260 ## - PUBLICATION, DISTRIBUTION, ETC. |
| Place of publication, distribution, etc. |
Dordrecht |
| Name of publisher, distributor, etc. |
D. Reidel Publishing |
| Date of publication, distribution, etc. |
1981 |
| 300 ## - PHYSICAL DESCRIPTION |
| Extent |
xv, 347p. |
| 490 ## - SERIES STATEMENT |
| Series statement |
IAU Symposium; no. 93 |
| 500 ## - GENERAL NOTE |
| General note |
Donated by Mrs. Bappu |
| 650 ## - SUBJECT ADDED ENTRY--TOPICAL TERM |
| Topical term or geographic name entry element |
Astronomy and Astrophysics Thesaurus |
| 650 ## - SUBJECT ADDED ENTRY--TOPICAL TERM |
| Topical term or geographic name entry element |
Star Formatiion |
| 650 ## - SUBJECT ADDED ENTRY--TOPICAL TERM |
| Topical term or geographic name entry element |
Stellar Evolution |
| 650 ## - SUBJECT ADDED ENTRY--TOPICAL TERM |
| Topical term or geographic name entry element |
Stellar Structure |
| 700 ## - ADDED ENTRY--PERSONAL NAME |
| Personal name |
Lamb, Donald Q., ed. |
| 9 (RLIN) |
11853 |
| 700 ## - ADDED ENTRY--PERSONAL NAME |
| Personal name |
Schramm, David N., ed. |
| 9 (RLIN) |
11149 |
| 700 ## - ADDED ENTRY--PERSONAL NAME |
| Personal name |
Sugimoto, Daiichiro., ed. |
| 9 (RLIN) |
11854 |
| 710 ## - ADDED ENTRY--CORPORATE NAME |
| Corporate name or jurisdiction name as entry element |
International Astronomical Union |
| 942 ## - ADDED ENTRY ELEMENTS (KOHA) |
| Koha item type |
Books |